• 首页
  • 本馆介绍
  • 公告通知
  • 最新文献
  • 馆藏检索
  • 电子资源
  • 读者导购
  • 参考咨询
  • 我的图书馆
  • 登录
  • 详细信息显示
  • 放入我的书架
  • 预约/预借图书
  • 作者相关作品
  • 分类相关作品
  • 丛书相关作品
  • 出版社相关作品

书目信息

  • 表格格式
  • 工作单格式
  • 卡片格式
题名:
乒乓球
    
 
作者: ;全国体育学院教材委员会 审定
分册:  
出版信息: 北京   人民体育出版社  1992.6
页数: 402页
开本: 19cm
丛书名:
单 册:
中图分类: G846
科图分类: 39.966
主题词: 乒乓球运动--高等学校--教材
电子资源:
ISBN: 7-5009-0710-9
000 00797nam0 2200253 45
001 0192000383
005 20070616093815.01
010    @a7-5009-0710-9@dCNY5.60
020    @aCN@b92000383
100    @a19920605d1992 em y0chiy0121 ea
101 0  @achi
102    @aCN@b110000
105    @af z 000yy
200 10 @a乒乓球@Aping pang qiu@f全国体育学院教材委员会审定@Fquan guo ti yu xue yuan jiao cai wei yuan hui shen ding
210    @a北京@c人民体育出版社@d1992.6@h1994
215    @a402页@d19cm
300    @a体育学院通用教材
540 1  @a乒乓球@Aping pang qiu
606    @a乒乓球运动@x高等学校@x教材
690    @aG846
692    @a39.966
711 02 @a全国体育学院教材委员会@Aquan guo ti yu xue yuan jiao cai wei yuan hui@4审定
801  0 @aCN@bTSSF@c20070616
905    @a10447@dG846@e287
    
    乒乓球/全国体育学院教材委员会审定.-北京:人民体育出版社,1992.6(1994)
    402页;19cm
    体育学院通用教材
    
    ISBN 7-5009-0710-9:CNY5.60
    
●
相关链接 在E读中查询图书 在五车中查询图书 在当当中查询图书 在豆瓣中查询图书


正题名:乒乓球     索取号:G846/287         预约/预借

序号 登录号 条形码 馆藏地/架位号 状态 备注
1 0628293   206282930   第一样本阅览室/ [索取号:G846/287] 在馆    
2 0628294   206282949   密集书库/ [索取号:G846/287] 在馆    
3 0628295   206282958   密集书库/ [索取号:G846/287] 在馆    
4 0628296   206282967   密集书库/ [索取号:G846/287] 在馆    
5 0628297   206282976   密集书库/ [索取号:G846/287] 在馆    
6 0628298   206282985   密集书库/ [索取号:G846/287] 在馆    
7 0646688   206466885   库房3/ [索取号:G846/287] 在馆    
8 0646689   206466894   库房3/ [索取号:G846/287] 在馆    
9 0646690   206466901   库房3/ [索取号:G846/287] 在馆    
10 0646691   206466910   库房3/ [索取号:G846/287] 在馆    
11 0646692   206466929   库房3/ [索取号:G846/287] 在馆    
12 0646693   206466938   库房3/ [索取号:G846/287] 在馆    
13 0646694   206466947   库房3/ [索取号:G846/287] 在馆    
14 0646695   206466956   库房3/ [索取号:G846/287] 在馆    
15 0646696   206466965   库房3/ [索取号:G846/287] 在馆    
16 0646697   206466974   库房3/ [索取号:G846/287] 在馆    
17 0646698   206466983   库房3/ [索取号:G846/287] 在馆    
18 0646699   206466992   库房3/ [索取号:G846/287] 在馆    
19 0646700   206467009   库房3/ [索取号:G846/287] 在馆    
20 0646701   206467018   库房3/ [索取号:G846/287] 在馆    
21 0646702   206467027   库房3/ [索取号:G846/287] 在馆    
22 0646703   206467036   库房3/ [索取号:G846/287] 在馆    
23 0646704   206467045   库房3/ [索取号:G846/287] 在馆    
24 0646705   206467054   库房3/ [索取号:G846/287] 在馆    
25 0646706   206467063   库房3/ [索取号:G846/287] 在馆    
26 0646707   206467072   库房3/ [索取号:G846/287] 在馆    
27 0646708   206467081   库房3/ [索取号:G846/287] 在馆    
28 0646709   206467090   库房3/ [索取号:G846/287] 在馆    
29 0654353   206543533   库房3/ [索取号:G846/287] 在馆    
30 0654354   206543542   库房3/ [索取号:G846/287] 在馆    
31 0654355   206543551   库房3/ [索取号:G846/287] 在馆    
32 0654356   206543560   库房3/ [索取号:G846/287] 在馆    
33 0654357   206543579   库房3/ [索取号:G846/287] 在馆    
唐山师范学院图书馆 欢迎您!
大连网信软件有限公司© 版权所有